Program for the training of part-time school teachers in Wisconsin ... (Record no. 20771)

MARC details
000 -LEADER
fixed length control field 01051cam a22002531 4500
001 - CONTROL NUMBER
control field e 25000206
003 - CONTROL NUMBER IDENTIFIER
control field DLC
005 - DATE AND TIME OF LATEST TRANSACTION
control field 20260227111216.0
008 - FIXED-LENGTH DATA ELEMENTS--GENERAL INFORMATION
fixed length control field 840607s1925 wiu s000 0 eng c
010 ## - LIBRARY OF CONGRESS CONTROL NUMBER
LC control number e 25000206
035 ## - SYSTEM CONTROL NUMBER
System control number (OCoLC)10817177
040 ## - CATALOGING SOURCE
Original cataloging agency U.S. Off. of educ. Library
Transcribing agency DNIE
Modifying agency DLC
042 ## - AUTHENTICATION CODE
Authentication code premarc
043 ## - GEOGRAPHIC AREA CODE
Geographic area code n-us-wi
050 00 - LIBRARY OF CONGRESS CALL NUMBER
Classification number LB1736
Item number .W6 no. 1
110 1# - MAIN ENTRY--CORPORATE NAME
Corporate name or jurisdiction name as entry element Wisconsin.
Subordinate unit State Board of Vocational and Adult Education.
-- Teacher Training Division.
245 00 - TITLE STATEMENT
Title Program for the training of part-time school teachers in Wisconsin ...
Remainder of title Teachers training division.
Statement of responsibility, etc. A.R. Graham. Jennie McMullin Turner, assistant.
260 ## - PUBLICATION, DISTRIBUTION, ETC.
Place of publication, distribution, etc. Madison, Wis.
Name of publisher, distributor, etc. [Democrat printing company]
Date of publication, distribution, etc. 1925.
300 ## - PHYSICAL DESCRIPTION
Extent 54 p.
Dimensions 23 cm.
490 0# - SERIES STATEMENT
Series statement Teacher training bulletin. General series
Volume/sequential designation no. 1
500 ## - GENERAL NOTE
General note At head of title: Wisconsin state board of vocational education. Geo. P. Hambrecht, director.
650 #0 - SUBJECT ADDED ENTRY--TOPICAL TERM
Topical term or geographic name entry element Teachers
General subdivision Training of
Geographic subdivision Wisconsin.
740 0# - ADDED ENTRY--UNCONTROLLED RELATED/ANALYTICAL TITLE
Uncontrolled related/analytical title Part-time school teachers in Wisconsin, Program for the training of.

No items available.

Powered by Koha